• 首页
  • 本馆介绍
  • 公告通知
  • 最新文献
  • 馆藏检索
  • 电子资源
  • 读者导购
  • 参考咨询
  • 我的图书馆
  • 登录
  • 详细信息显示
  • 放入我的书架
  • 预约/预借图书
  • 作者相关作品
  • 分类相关作品
  • 丛书相关作品
  • 出版社相关作品

书目信息

  • 表格格式
  • 工作单格式
  • 卡片格式
题名:
大学化学
    
 
作者: 马汉 , Mahan 著 ;复旦大学无机化学教研组 译
分册: 上册  
出版信息: 上海   上海科学技术出版社  1982
页数: 402页
开本: 21cm
丛书名:
单 册:
中图分类: O6
科图分类:
主题词: 化学-高等学校--教学参考资料
电子资源:
ISBN:
000 00764nam0 2200253 45
001 0182005697
005 20060816091746.65
010    @dCNY1.60
091    @a13119.1018
100    @a19950530f19821985em y0chiy0121 ea
101 1  @achi@ceng
102    @aCN@b310000
105    @ay zz 000yy
200 10 @a大学化学@h上册@Ada xue hua xue@f(美)BruceH.马亨(B.H. Mahan)@g复旦大学无机化学教研组译
210    @a上海@c上海科学技术出版社@d1982
215    @a402页@d21cm
606    @a化学-高等学校@x教学参考资料
690    @aO6@v3
701  1 @a马汉@Ama han@bB.H.@4著
701 A1 @aMahan@bB.H.@4著
712 02 @a复旦大学无机化学教研组@Afu dan da xue wu ji hua xue jiao yan zu@4译
801  2 @aCN@bNLC@c20060816
801  0 @aCN@b上海图书馆@c20060811
905    @dO6@e112:1
    
    大学化学.上册/(美)BruceH.马亨(B.H. Mahan)/复旦大学无机化学教研组译.-上海:上海科学技术出版社,1982
    402页;21cm
    
    
    ISBN :CNY1.60
    
●
相关链接 在E读中查询图书 在五车中查询图书 在当当中查询图书 在豆瓣中查询图书


正题名:大学化学     索取号:O6/112:1         预约/预借

序号 登录号 条形码 馆藏地/架位号 状态 备注
1 0080268   001695712   第三借阅区/ [索取号:O6/112:1] 在馆    
2 0080269   001943534   第三借阅区/ [索取号:O6/112:1] 在馆    
3 0080270   000338290   第二样本阅览室/ [索取号:O6/112:1] 在馆    
4 0432201   204322018   密集书库/ [索取号:O6/112:1] 在馆    
5 0432700   204327004   密集书库/ [索取号:O6/112:1] 在馆    
6 0434388   204343889   密集书库/ [索取号:O6/112:1] 在馆    
7 0454315   204543155   密集书库/ [索取号:O6/112:1] 在馆    
8 0454316   204543164   密集书库/ [索取号:O6/112:1] 在馆    
9 0461751   204617511   密集书库/ [索取号:O6/112:1] 在馆    
唐山师范学院图书馆 欢迎您!
大连网信软件有限公司© 版权所有